| 000 | 00384cam a22001217a 4500 | ||
|---|---|---|---|
| 008 | 180718b1988 xxu||||| |||| 00| 0 eng d | ||
| 082 | _aA75 UT8DE | ||
| 245 |
_aUttar Pradesh district gazetteers: Deoria _cedited by Dangli Prasad Varun |
||
| 260 |
_aLucknow _bDepartment of District Gazetteers _c1988 |
||
| 300 | _a324p. | ||
| 650 | _aDeoria - Gazetteers | ||
| 700 | _aVarun, Dangli Prasad | ||
| 999 |
_c486565 _d486565 |
||